[Event "103rd NY Masters"]
[Site "New York USA"]
[Date "2004.05.25"]
[Round "2"]
[White "Lapshun,Y"]
[Black "Onischuk,Al"]
[Result "1/2-1/2"]
[WhiteElo "2447"]
[BlackElo "2652"]

1.e4 e5 2.Nf3 Nc6 3.Bc4 Nf6 4.d4 exd4 5.O-O Nxe4 6.Re1 d5 7.Bxd5 Qxd5 8.Nc3 Qa5
9.Nxe4 Be6 10.Neg5 O-O-O 11.Nxe6 fxe6 12.Rxe6 Qd5 13.Qe2 Bc5 14.Bd2 Rhf8
15.Qe4 d3 16.c3 h6 17.Qxd5 Rxd5 18.Rd1 Rfd8 19.Kf1 a5 20.a4 Bd6 21.c4 Rf5
22.Bc3 g5 23.h3 Bb4 24.Bf6 Rd6 25.Rxd6 cxd6 26.Bg7 d5 27.cxd5 Rxd5 28.Bxh6 Ne5
29.Nxe5 Rxe5 30.Bg7 Rd5 31.Bc3 Bxc3 32.bxc3 Kc7 33.Ke1 Kc6 34.Kd2 b5 35.axb5+ Kxb5
36.Rb1+ Kc4 37.Rb8 Rd7 38.Ra8 Rd5 39.Rb8 Rd7 40.Ra8 Rd5 41.f3 Kb3 42.Rb8+ Kc4
43.Ra8 Kb3 44.Rb8+ Kc4 45.Rb7 Rc5 46.Rb8 Rd5 47.Rb7 Rc5 48.h4 gxh4 49.Rh7 Kb3
50.Rb7+ Kc4 51.Rh7 Kb3 52.Rb7+ Kc4 53.Rh7 Kb3 54.Rb7+ Kc4 55.Rh7 Kb3  1/2-1/2

[Event "103rd NY Masters"]
[Site "New York USA"]
[Date "2004.05.25"]
[Round "3"]
[White "Stripunsky,A"]
[Black "Onischuk,Al"]
[Result "1-0"]
[WhiteElo "2553"]
[BlackElo "2652"]

1.c4 e6 2.Nf3 d5 3.e3 Nf6 4.d4 Be7 5.Nc3 O-O 6.Bd3 dxc4 7.Bxc4 b6 8.O-O Bb7
9.Qe2 Ne4 10.Nxe4 Bxe4 11.Rd1 Nd7 12.Ne1 Bd6 13.f3 Bb7 14.e4 c5 15.Be3 cxd4
16.Rxd4 Qc7 17.Rc1 Bxh2+ 18.Kh1 Be5 19.Bxe6 Nc5 20.Rd7 Qc6 21.Bh3 Bc8 22.Rd5 Qf6
23.Bxc5 bxc5 24.Rcxc5 Ba6 25.Qc2 Bf4 26.Rh5 g6 27.Rc6 Qd4 28.Rxa6 gxh5 29.Nd3 Be3
30.Ra4 Qg7 31.Qe2 Bb6 32.e5 Rad8 33.Bf5 Kh8 34.Re4 Rg8 35.g4 Qg5 36.e6 fxe6
37.Rxe6 hxg4 38.fxg4 Bc7 39.Re7 Rg7 40.Re8+ Rxe8 41.Qxe8+ Rg8 42.Qf7 Qg7
43.Qe6 Rd8 44.Kg2 Qg5 45.Kf3 h5 46.Qf7 hxg4+ 47.Ke4 Qh6 48.Qxc7 Re8+ 49.Ne5 g3
50.Qf7 Qh4+ 51.Kf3 Qh1+ 52.Kf4 Qh4+ 53.Kf3 Qh1+ 54.Kg4 Qd1+ 55.Kxg3 Qg1+
56.Kh4 Qh2+ 57.Kg5 Qd2+ 58.Kf6 Qd6+ 59.Be6 Qd8+ 60.Kf5 Rxe6 61.Qxe6 Qa5 62.Kg6  1-0

[Event "32nd World Open"]
[Site "Philadelphia USA"]
[Date "2004.07.04"]
[Round "6"]
[White "Onischuk,Al"]
[Black "Leverett,B"]
[Result "1-0"]
[WhiteElo "2655"]
[BlackElo "2272"]

1.d4 Nf6 2.c4 e6 3.Nc3 d5 4.Nf3 Be7 5.Bg5 h6 6.Bh4 O-O 7.e3 b6 8.Bxf6 Bxf6
9.cxd5 exd5 10.Be2 Be6 11.O-O c6 12.Ne5 Bxe5 13.dxe5 f6 14.exf6 Qxf6 15.Qa4 Rc8
16.Qc2 a5 17.Na4 Nd7 18.Rac1 c5 19.Rcd1 Rab8 20.Nc3 Qe5 21.Nxd5 Bf7 22.f4 Qe8
23.e4 Bxd5 24.exd5 Nf6 25.d6 Rd8 26.a4 Kh8 27.Bb5 Qh5 28.Rfe1 Qg4 29.g3 h5
30.Re5 h4 31.Be2 Qh3 32.Qg6 Rb7 33.Rh5+ Nxh5 34.Qxh5+ Kg8 35.Bc4+  1-0

[Event "32nd World Open"]
[Site "Philadelphia USA"]
[Date "2004.07.05"]
[Round "8"]
[White "Onischuk,Al"]
[Black "Gonzalez,Ren"]
[Result "1-0"]
[WhiteElo "2655"]
[BlackElo "2440"]

1.d4 d5 2.c4 c6 3.Nc3 dxc4 4.a4 e5 5.dxe5 Qxd1+ 6.Kxd1 Be6 7.e4 Nd7 8.f4 O-O-O
9.Kc2 g6 10.Nf3 Nc5 11.Be3 f6 12.Be2 h5 13.Rad1 a6 14.g4 Re8 15.gxh5 gxh5  1-0

[Event "32nd World Open"]
[Site "Philadelphia USA"]
[Date "2004.07.06"]
[Round "9"]
[White "Ibragimov,I"]
[Black "Onischuk,Al"]
[Result "0-1"]
[WhiteElo "2582"]
[BlackElo "2655"]

1.d4 Nf6 2.Nf3 e6 3.e3 c5 4.Bd3 d5 5.b3 Nc6 6.O-O Be7 7.Bb2 O-O 8.Nbd2 b6
9.dxc5 bxc5 10.c4 Bb7 11.Rc1 Qb6 12.a4 Rfd8 13.cxd5 exd5 14.Qc2 h6 15.Nh4 d4
16.Nf5 Bf8 17.Nc4 Qc7 18.e4 Ne5 19.Nxe5 Qxe5 20.f4 Qe6 21.Rce1 Ba6 22.Bc1 Rab8
23.Bxa6 Qxa6 24.e5 d3 25.Qc4 Qe6 26.exf6 Qxf5 27.fxg7 Bxg7 28.Bd2 Rd4 29.Qa6 Rxb3
30.Rf3 Re4 31.Rd1 c4 32.Qd6 Qe6 33.Qc5 Qb6  0-1

[Event "US Open"]
[Site "Fort Lauderdale USA"]
[Date "2004.08.10"]
[Round "4"]
[White "Onischuk,Al"]
[Black "Thompson,I"]
[Result "1-0"]
[WhiteElo "2655"]
[BlackElo "2235"]

1.d4 e6 2.c4 b6 3.Nc3 Bb7 4.a3 f5 5.d5 Nf6 6.g3 Be7 7.Bg2 O-O 8.Nh3 e5 9.e4 fxe4
10.Nxe4 d6 11.Neg5 Bc8 12.O-O h6 13.Ne6 Bxe6 14.dxe6 c6 15.f4 a5 16.g4 Qe8
17.g5 Nh5 18.gxh6 gxh6 19.Kh1 Nxf4 20.Nxf4 exf4 21.Qg4+ Kh8 22.Bxf4 h5 23.Qg3 Ra7
24.Bxd6 Bxd6 25.Qxd6 Rg8 26.Rf6  1-0

[Event "US Open"]
[Site "Fort Lauderdale USA"]
[Date "2004.08.11"]
[Round "5"]
[White "Reznik,Vi"]
[Black "Onischuk,Al"]
[Result "0-1"]
[WhiteElo "2286"]
[BlackElo "2655"]

1.e4 e5 2.Nf3 Nc6 3.Bb5 a6 4.Ba4 Nf6 5.O-O Bc5 6.c3 b5 7.Bb3 d6 8.a4 Bg4
9.Re1 O-O 10.h3 Bxf3 11.Qxf3 Na5 12.Bc2 b4 13.d3 Rb8 14.Nd2 Qd7 15.Qd1 Ba7
16.Nb3 Nxb3 17.Bxb3 Qc6 18.Bc4 bxc3 19.bxc3 Nxe4 20.Rxe4 d5 21.Bxd5 Qxd5
22.Qe2 f6 23.Be3 Bxe3 24.Qxe3 c5 25.Rc4 Rfc8 26.Qe4 Rd8 27.Ra2 h5 28.h4 Rb3
29.Rc2 Rb1+ 30.Kh2 Rd1 31.Rb2 Rxd3 32.Qxd5+ R3xd5 33.Rb7 Kh7 34.Kg3 R8d6
35.Rc7 Rd3+ 36.Kh2 Rd2 37.f4 Re2 38.fxe5 fxe5 39.R4xc5 Rg6 40.R7c6 Rexg2+
41.Kh1 Rg1+ 42.Kh2 R6g2+ 43.Kh3 Rg4 44.Kh2 R1g2+ 45.Kh1 Re2 46.Rxa6 Rxh4+
47.Kg1 Rf4 48.Re6 Rxa4 49.Kf1 Rh2 50.Kg1 Rc2  0-1

[Event "US Open"]
[Site "Fort Lauderdale USA"]
[Date "2004.08.14"]
[Round "8"]
[White "Onischuk,Al"]
[Black "Ibragimov,I"]
[Result "1/2-1/2"]
[WhiteElo "2655"]
[BlackElo "2582"]

1.d4 Nf6 2.c4 e6 3.Nf3 b6 4.g3 Ba6 5.b3 Bb4+ 6.Bd2 Be7 7.Bc3 c6 8.Bg2 d5
9.Ne5 Nfd7 10.Nxd7 Nxd7 11.Nd2 O-O 12.O-O Nf6 13.e4 dxe4 14.Nxe4 Rc8 15.Qc2 b5
16.Nc5 Bxc5 17.dxc5 Qe7 18.cxb5 Bxb5 19.Bxf6 Qxf6 20.Rfe1 Rfd8 21.Rad1 Rd4
22.Rxd4 Qxd4 23.Rd1 Qb4 24.h4 a5 25.Qd2 Qxd2 26.Rxd2 a4 27.b4 Kf8 28.a3 Ke7
29.f4 Rd8 30.Rxd8 Kxd8 31.Kf2 f6 32.Ke3 Kd7 33.Kd4 h6 34.Be4 Ke7 35.Bc2 Kd8
36.Ke4 Kc7 37.g4 Kd7 38.g5 Kc7 39.gxh6 gxh6 40.Bd3 Bxd3+ 41.Kxd3 h5  1/2-1/2

[Event "US Open"]
[Site "Fort Lauderdale USA"]
[Date "2004.08.15"]
[Round "9"]
[White "Vasquez,R"]
[Black "Onischuk,Al"]
[Result "1/2-1/2"]
[WhiteElo "2542"]
[BlackElo "2655"]

1.d4 Nf6 2.c4 e6 3.Nf3 Bb4+ 4.Bd2 a5 5.g3 d6 6.Bg2 Nbd7 7.O-O e5 8.Nc3 O-O
9.Qc2 Re8 10.e4 exd4 11.Nxd4 Ne5 12.Bg5 c6 13.b3 h6 14.Bf4 Bxc3 15.Qxc3 Ng6
16.Rfe1 Nxf4 17.gxf4 Nh5 18.Qf3 Qh4 19.f5 Bd7 20.Ne2 g6 21.Rad1 gxf5 22.Rxd6 fxe4
23.Qe3 Nf6 24.h3 Re6 25.Red1 Rxd6 26.Rxd6 Re8 27.Ng3 Be6 28.Qd4 Qg5 29.Nxe4 Nxe4
30.Qxe4 Kf8 31.h4 Qf6 32.Qd4 Qxd4 33.Rxd4 Ke7 34.c5 Rg8 35.Kh2 Kf6 36.Rf4+ Ke5
37.Re4+ Kf6 38.Rf4+ Ke5 39.Re4+ Kf6  1/2-1/2

[Event "36th Olympiad"]
[Site "Calvia ESP"]
[Date "2004.10.17"]
[Round "3"]
[White "Onischuk,Al"]
[Black "Ghaem Maghami,E"]
[Result "1/2-1/2"]
[WhiteElo "2653"]
[BlackElo "2558"]

1.d4 Nf6 2.c4 e6 3.Nf3 c5 4.d5 b5 5.Bg5 exd5 6.cxd5 d6 7.e4 a6 8.Bd3 Be7
9.Bf4 Bg4 10.Nbd2 Nbd7 11.O-O Ne5 12.Bxe5 dxe5 13.b3 O-O 14.h3 Bxf3 15.Nxf3 Bd6
16.Qe2 Nd7 17.Nd2 Nb6 18.Rfc1 Qe7 19.Rc2 Rab8 20.Rac1 Rfc8 21.g3 Rc7 22.h4 Rbc8
23.Qg4 c4 24.bxc4 Ba3 25.Rb1 Qd6 26.Qe2 Bb4 27.Rbc1 Ba3 28.Rb1 Bb4  1/2-1/2

[Event "36th Olympiad"]
[Site "Calvia ESP"]
[Date "2004.10.18"]
[Round "4"]
[White "Onischuk,Al"]
[Black "Anand,V"]
[Result "1/2-1/2"]
[WhiteElo "2653"]
[BlackElo "2781"]

1.d4 Nf6 2.c4 e6 3.Nf3 b6 4.g3 Ba6 5.b3 Bb4+ 6.Bd2 Be7 7.Bg2 c6 8.Bc3 d5
9.Ne5 Nfd7 10.Nxd7 Nxd7 11.Nd2 O-O 12.O-O Rb8 13.Re1 b5 14.Qc2 dxc4 15.bxc4 bxc4
16.e4 Re8 17.Rad1 Qc8 18.Bf1 Nb6 19.a4 c5 20.a5 cxd4 21.Bxd4 Nd7 22.Bxa7 Rb5
23.Qxc4 Rxa5 24.Qxc8  1/2-1/2

[Event "36th Olympiad"]
[Site "Calvia ESP"]
[Date "2004.10.19"]
[Round "5"]
[White "Kasimdzhanov,R"]
[Black "Onischuk,Al"]
[Result "1/2-1/2"]
[WhiteElo "2650"]
[BlackElo "2653"]

1.e4 e5 2.Nf3 Nc6 3.Bb5 a6 4.Ba4 Nf6 5.O-O Be7 6.Re1 b5 7.Bb3 O-O 8.c3 d5
9.exd5 Nxd5 10.Nxe5 Nxe5 11.Rxe5 c6 12.d3 Bd6 13.Re1 Bf5 14.Qf3 Qh4 15.g3 Qh3
16.Bxd5 cxd5 17.Be3 Bxd3 18.Qxd5 Rad8 19.Qf3 Qf5 20.Qxf5 Bxf5 21.Nd2 Rfe8
22.Bd4 f6 23.Nb3 Kf7 24.Bb6 Rc8 25.Rxe8 Rxe8 26.Rd1 Bf8 27.Nd4 Be4 28.f3 Bd5
29.a3 Rb8 30.Bc7 Rb7 31.Bf4 Bc5 32.Kf2 Rd7 33.Be3 Bc4 34.g4 a5 35.h4 a4 36.h5 Bxd4
37.Bxd4 Rd5 38.Kg3 g6 39.hxg6+ Kxg6 40.Re1 h5 41.Re8 hxg4 42.fxg4 Rd6 43.Kf4 Re6  1/2-1/2

[Event "36th Olympiad"]
[Site "Calvia ESP"]
[Date "2004.10.23"]
[Round "8"]
[White "Onischuk,Al"]
[Black "Radjabov,T"]
[Result "1/2-1/2"]
[WhiteElo "2653"]
[BlackElo "2663"]

1.d4 Nf6 2.c4 g6 3.Nc3 Bg7 4.e4 d6 5.Nf3 O-O 6.Be2 e5 7.Be3 Ng4 8.Bg5 f6
9.Bh4 g5 10.Bg3 Nh6 11.d5 Nd7 12.Nd2 f5 13.exf5 Nf6 14.Nde4 Nxe4 15.Nxe4 Bxf5
16.Bd3 g4 17.O-O Kh8 18.Re1 Ng8 19.f3 gxf3 20.Qxf3 Nh6 21.Qe2 Bg6 22.Bf2 Nf5
23.Rf1  1/2-1/2

[Event "36th Olympiad"]
[Site "Calvia ESP"]
[Date "2004.10.24"]
[Round "9"]
[White "Shirov,A"]
[Black "Onischuk,Al"]
[Result "0-1"]
[WhiteElo "2726"]
[BlackElo "2653"]

1.e4 e5 2.Nf3 Nc6 3.Bb5 a6 4.Ba4 Nf6 5.O-O Be7 6.Re1 b5 7.Bb3 O-O 8.a4 Bb7
9.d3 Re8 10.Nbd2 Bf8 11.c3 Na5 12.Bc2 c5 13.d4 exd4 14.cxd4 d5 15.e5 Ne4
16.Nxe4 dxe4 17.Rxe4 Nb3 18.Bg5 Be7 19.Bxe7 Qxe7 20.Rb1 Nxd4 21.Nxd4 Bxe4
22.Bxe4 Rad8 23.Bxh7+ Kf8 24.Qf3 Rxd4 25.Re1 Qg5 26.h4 Qd2 27.Rf1 Rxh4  0-1

[Event "36th Olympiad"]
[Site "Calvia ESP"]
[Date "2004.10.25"]
[Round "10"]
[White "Onischuk,Al"]
[Black "Ivanchuk,V"]
[Result "1/2-1/2"]
[WhiteElo "2653"]
[BlackElo "2705"]

1.d4 Nf6 2.c4 g6 3.Nc3 Bg7 4.e4 d6 5.Nf3 O-O 6.Be2 e5 7.Be3 Ng4 8.Bg5 f6
9.Bh4 Nc6 10.d5 Ne7 11.Nd2 Nh6 12.f3 c5 13.dxc6 bxc6 14.b4 Kh8 15.Bf2 Nf7
16.O-O Bh6 17.b5 c5 18.Nd5 Ng5 19.Nb1 Ne6 20.Nbc3 Nd4 21.Bd3 Nxd5 22.Nxd5 Be6
23.a4 f5 24.a5 Bxd5 25.exd5 Rb8 26.Re1 Rb7 27.Ra2 Rbf7 28.Qb1 Bf4 29.Kh1 Rb7  1/2-1/2

[Event "36th Olympiad"]
[Site "Calvia ESP"]
[Date "2004.10.26"]
[Round "11"]
[White "Svidler,P"]
[Black "Onischuk,Al"]
[Result "1-0"]
[WhiteElo "2735"]
[BlackElo "2653"]

1.e4 e5 2.Nf3 Nc6 3.Bb5 a6 4.Ba4 Nf6 5.O-O Be7 6.Re1 b5 7.Bb3 O-O 8.a4 Bb7
9.d3 Re8 10.c3 Bf8 11.Bg5 h6 12.Bh4 d6 13.Na3 b4 14.Nc4 Rb8 15.a5 Bc8 16.Ne3 Be6
17.Ba4 Bd7 18.Bxf6 Qxf6 19.Nd5 Qd8 20.Bxc6 Bxc6 21.Nxb4 Bb7 22.Qa4 Qc8 23.Rab1 Qe6
24.c4 c5 25.Na2 f5 26.Nd2 Be7 27.Nc3 Rec8 28.Qa3 fxe4 29.dxe4 Bg5 30.Rbd1 Bxd2
31.Rxd2 Qxc4 32.Rxd6 Bc6 33.h3 Qb4 34.Qxb4 Rxb4 35.Re2 Kf7 36.Nd5 Ra4 37.Nb6 Ra1+
38.Kh2 Bb5 39.Rc2 Rc7 40.Nd5 Rc8 41.Rc3  1-0

[Event "36th Olympiad"]
[Site "Calvia ESP"]
[Date "2004.10.29"]
[Round "14"]
[White "Onischuk,Al"]
[Black "Carlsen,M"]
[Result "1-0"]
[WhiteElo "2653"]
[BlackElo "2581"]

1.d4 Nf6 2.c4 e6 3.Nc3 Bb4 4.e3 O-O 5.Bd3 d5 6.Nf3 c5 7.O-O dxc4 8.Bxc4 Nbd7
9.Qe2 b6 10.Rd1 cxd4 11.exd4 Bxc3 12.bxc3 Qc7 13.Bd2 Bb7 14.Bd3 Rfe8 15.Re1 Rad8
16.Ne5 Nxe5 17.Qxe5 Qxe5 18.Rxe5 Rc8 19.Rc1 Red8 20.Ree1 Rd5 21.a4 Ne8 22.Rb1 Bc6
23.Rb4 Nd6 24.Ra1 Bd7 25.f3 h6 26.Be1 e5 27.Ba6 Re8 28.Bg3 exd4 29.Rxd4 Rxd4
30.cxd4 Nf5 31.Bf2 Ne3 32.a5 Nc2 33.Rc1 Nb4 34.Rc7 Nxa6 35.Rxd7 Rc8 36.g4 bxa5
37.Rxa7 Nb4 38.Rxa5 Rc1+ 39.Kg2 Rd1 40.Rb5 Nd3 41.Bg3 Nc1 42.d5 Ne2 43.Kf2 Nxg3
44.Kxg3 Kf8 45.h4 g6 46.Kf4 f6 47.h5 Kf7 48.Rb7+ Kg8 49.Ke4 gxh5 50.gxh5 Kf8
51.Rh7 Re1+ 52.Kf5 Kg8 53.Rd7 Rf1 54.f4 Kf8 55.d6 Ke8 56.Rh7 Rd1 57.Ke6  1-0

[Event "KO"]
[Site "Lindsborg USA"]
[Date "2004.12.24"]
[Round "3.2"]
[White "Onischuk,Al"]
[Black "Ibragimov,I"]
[Result "1-0"]
[WhiteElo "2653"]
[BlackElo "2585"]

1.d4 Nf6 2.c4 e6 3.Nf3 b6 4.g3 Ba6 5.b3 Bb7 6.Bg2 Bb4+ 7.Bd2 a5 8.O-O O-O
9.Bc3 Bxc3 10.Nxc3 Ne4 11.Qc2 Nxc3 12.Qxc3 d6 13.Rae1 Be4 14.Qe3 d5 15.Ne5 Bxg2
16.Kxg2 Na6 17.Rc1 c5 18.Rfd1 Re8 19.Qf4 f6 20.Nf3 Ra7 21.cxd5 exd5 22.Qd2 Rd7
23.e3 Qe7 24.Qe2 Nc7 25.Rd2 Ne6 26.Rcd1 cxd4 27.Nxd4 Nc5 28.Qb5 Rd6 29.Nf5  1-0

[Event "KO Blitz"]
[Site "Lindsborg USA"]
[Date "2004.12.24"]
[Round "3.3"]
[White "Ibragimov,I"]
[Black "Onischuk,Al"]
[Result "0-1"]
[WhiteElo "2585"]
[BlackElo "2653"]

1.d4 Nf6 2.Nc3 d5 3.Bg5 c6 4.Qd3 Nbd7 5.f3 h6 6.Bh4 e5 7.dxe5 Nxe5 8.Qd4 Ned7
9.e4 Bc5 10.Qd2 O-O 11.O-O-O dxe4 12.Bc4 e3 13.Qe2 b5 14.Bd3 Qa5 15.Kb1 Re8
16.Nh3 b4 17.Ne4 Nxe4 18.Bxe4 Ne5 19.Nf4 Ba6 20.Nd3 Bxd3 21.cxd3 Bd4 22.f4 Nc4
23.Bxc6 Nxb2 24.Rc1 Na4 25.Bxa8 Rxa8 26.Qf3 Rb8 27.Rc2 Nc3+ 28.Kc1 b3 29.axb3 Qa1+  0-1

[Event "KO Blitz"]
[Site "Lindsborg USA"]
[Date "2004.12.24"]
[Round "3.4"]
[White "Onischuk,Al"]
[Black "Ibragimov,I"]
[Result "0-1"]
[WhiteElo "2653"]
[BlackElo "2585"]

1.d4 d6 2.Nf3 Bg4 3.Nbd2 Nf6 4.g3 Nbd7 5.Bg2 c6 6.O-O e5 7.dxe5 dxe5 8.e4 Bc5
9.Qe2 O-O 10.h3 Bh5 11.c3 a5 12.Rd1 Re8 13.Nc4 Qc7 14.g4 Bg6 15.Nh4 Nf8 16.Be3 Bxe3
17.Qxe3 Ne6 18.Nxg6 hxg6 19.Qb6 Qe7 20.Nd6 Reb8 21.Rd2 Ne8 22.Nxe8 Rxe8 23.Rad1 Qc5
24.Qxc5 Nxc5 25.f3 Kf8 26.Kf2 a4 27.Bf1 Ke7 28.b4 axb3 29.axb3 Red8 30.Rxd8 Rxd8
31.Rxd8 Kxd8 32.Ke3 Nxb3 33.Bc4 Nc5 34.Bxf7 g5 35.Bc4 b5 36.Bf1 Kc7 37.Kd2 Kb6
38.Kc2 Ka5 39.Kb2 Ne6 40.Kb3 c5 41.Kb2 c4 42.Be2 Nf4 43.Bf1 Kb6  0-1

[Event "Corus B"]
[Site "Wijk aan Zee NED"]
[Date "2005.01.15"]
[Round "1"]
[White "Kosteniuk,A"]
[Black "Onischuk,Al"]
[Result "1-0"]
[WhiteElo "2490"]
[BlackElo "2652"]

1.e4 e5 2.Nf3 Nc6 3.Bb5 Nf6 4.O-O Bc5 5.c3 O-O 6.d4 Bb6 7.Bg5 h6 8.Bh4 d6
9.Qd3 Bd7 10.Nbd2 a6 11.Bc4 exd4 12.cxd4 g5 13.e5 gxh4 14.Qg6+ Kh8 15.Qxh6+ Nh7
16.Ne4 f5 17.Nfg5 Qe7 18.Nf6 Qg7 19.Qxh7+ Qxh7 20.Ngxh7 Rfd8 21.Ng5 dxe5
22.Nf7+ Kg7 23.dxe5 Nxe5 24.Nh5+ Kg6 25.Nxe5+ Kxh5 26.Be2+ Kg5 27.Nf7+ Kf6
28.Nxd8 Rxd8 29.Rad1 Re8 30.Bf3 Bc8 31.Rfe1 Rg8 32.Bd5 Rh8 33.Bb3 Bc5 34.Rd3 Bd6
35.Bd5 b6 36.g3 Bd7 37.Rf3 Rh5 38.Re4 hxg3 39.hxg3 f4 40.Rfxf4+ Bxf4 41.Rxf4+ Ke7
42.Rd4 c5 43.Rd2 b5 44.f4 c4 45.Kf2 a5 46.Ke3 Rh3 47.Rg2 Rh1 48.a4 b4 49.Bxc4 Bxa4
50.g4 Bc6 51.Rg3 Re1+ 52.Kd2 Rb1 53.b3 a4 54.Re3+ Kf8 55.bxa4 Bxa4 56.Bd3 Rb2+
57.Kc1 Rg2 58.g5 Be8 59.Re6 b3 60.Rb6 Rg4 61.Rf6+ Kg7 62.Bc4 Ba4 63.Bd5 Rg3
64.Kb2 Re3 65.Rb6 Re2+ 66.Ka3 Ra2+ 67.Kb4 Rf2 68.Rb7+ Kg6 69.Be4+ Kh5 70.Rf7 Be8
71.Rf8 b2 72.Kc3 Bg6 73.Rh8+ Kg4 74.Bxg6 Rxf4 75.Kxb2 Kxg5 76.Bd3 Kf6 77.Re8 Kf7
78.Re3 Kf6 79.Kc3 Rh4 80.Bc4 Kf5 81.Kb4 Kf4 82.Re7 Rh5 83.Kc3 Re5 84.Rf7+ Rf5
85.Re7 Re5 86.Rh7 Re3+ 87.Bd3 Re8 88.Rh4+ Ke3 89.Rh1 Rc8+ 90.Bc4 Rd8 91.Be6 Rd3+
92.Kc4 Rd4+ 93.Kc5 Ra4 94.Rh3+ Kf2 95.Bc4 Ra8 96.Kd4 Ra4 97.Rc3 Ra7 98.Ke4 Rh7
99.Rf3+ Kg2 100.Bd5 Rh4+ 101.Ke5 Kg1 102.Be4 Rh2 103.Rf4 Rd2 104.Kf5 Rf2
105.Bf3 Rb2 106.Rh4 Rb8 107.Kf4 Kf2 108.Rh2+ Ke1 109.Be4 Rb3 110.Bf3 Rb4+
111.Kg3 Rd4 112.Re2+ Kf1 113.Re3 Rd2 114.Ra3 Rd4 115.Re3  1-0

[Event "Corus B"]
[Site "Wijk aan Zee NED"]
[Date "2005.01.16"]
[Round "2"]
[White "Onischuk,Al"]
[Black "Nielsen,PH"]
[Result "1/2-1/2"]
[WhiteElo "2652"]
[BlackElo "2648"]

1.d4 Nf6 2.c4 e6 3.Nf3 d5 4.Nc3 dxc4 5.e4 Bb4 6.Bg5 c5 7.e5 h6 8.exf6 hxg5
9.fxg7 Rg8 10.a3 Bxc3+ 11.bxc3 Nc6 12.Bxc4 cxd4 13.Qd3 Rxg7 14.O-O Bd7 15.Nxd4 Ne5
16.Qh3 Rg8 17.Nxe6 Nxc4 18.Qh7 Bxe6 19.Qxg8+ Kd7 20.Rfd1+ Nd6 21.Qg7 Kc6
22.Qe5 Qe7 23.Rd4 Rd8 24.a4 Nf5 25.Qb5+ Kc7 26.Qa5+ Kc8 27.Rxd8+ Qxd8 28.Qxa7 Qd5
29.f3 Bd7 30.a5 Bc6 31.a6 bxa6 32.Qxa6+ Kd7 33.Qa7+ Ke6 34.Qa5 Ne3 35.Qxd5+ Nxd5
36.Rc1 Nf4 37.Re1+ Kd6 38.Rd1+ Kc5 39.Kf2 Nd5 40.Rc1 Kc4 41.g3 Nf6 42.Rb1 Bd7
43.Rb6 Be6 44.Rc6+ Kd5 45.Ra6 Kc4 46.Rc6+ Kd5 47.Rc7 g4 48.Ra7 Kc4 49.Rc7+ Kd3
50.fxg4  1/2-1/2

[Event "Corus B"]
[Site "Wijk aan Zee NED"]
[Date "2005.01.17"]
[Round "3"]
[White "Karjakin,Sergey"]
[Black "Onischuk,Al"]
[Result "1/2-1/2"]
[WhiteElo "2599"]
[BlackElo "2652"]

1.e4 e5 2.Nf3 Nc6 3.Bb5 a6 4.Ba4 Nf6 5.O-O Be7 6.Re1 b5 7.Bb3 d6 8.c3 O-O
9.h3 Nd7 10.d4 Bf6 11.a4 Bb7 12.d5 Ne7 13.axb5 axb5 14.Rxa8 Qxa8 15.Na3 Ba6
16.Nc2 Nc5 17.Nb4 Nxb3 18.Qxb3 Bc8 19.Nh2 g6 20.f4 exf4 21.Bxf4 Qa7+ 22.Be3 Qa4
23.Qxa4 bxa4 24.Nf3 Bg7 25.Bd4 f6 26.Nd2 Bd7 27.Nc4 Rb8 28.Na6 Rb7 29.Nb4 Rb8
30.Na6  1/2-1/2

[Event "Corus B"]
[Site "Wijk aan Zee NED"]
[Date "2005.01.18"]
[Round "4"]
[White "Onischuk,Al"]
[Black "Ernst,S"]
[Result "1/2-1/2"]
[WhiteElo "2652"]
[BlackElo "2509"]

1.d4 Nf6 2.c4 e6 3.Nf3 d5 4.Nc3 Be7 5.Bg5 O-O 6.e3 h6 7.Bh4 b6 8.Be2 Bb7
9.Bxf6 Bxf6 10.cxd5 exd5 11.b4 c6 12.O-O a5 13.bxa5 Rxa5 14.Qb3 Nd7 15.a4 Qa8
16.Rfe1 Ba6 17.Ra2 Re8 18.g3 Re6 19.Kg2 Be7 20.Bxa6 Qxa6 21.Rae2 Qd3 22.e4 dxe4
23.Rxe4 Rxe4 24.Rxe4 Bf8 25.Ne5 Nxe5 26.dxe5 Bc5 27.e6 Ra7 28.a5 Kh7 29.exf7 Rxa5
30.Re3 Qg6 31.Rf3 Ra8 32.Na4 Qe4 33.Nc3 Qg6 34.Qc4 Rf8 35.h4 Kh8 36.Ne2 Be7
37.Nd4 Bf6 38.Qxc6 Qxf7 39.Qxb6 Qd5 40.Ne6 Bd8 41.Qb3 Qxf3+ 42.Qxf3 Rxf3
43.Kxf3 Bb6 44.h5 Kg8 45.Nf4 Kf7 46.Ng6 Kf6 47.g4 Bc7 48.Ke4 Bb6 49.f3 Bc7
50.Kd5 Bb8 51.Nf8 Bg3 52.Nd7+ Kf7 53.Ke4 Ke6 54.Nc5+ Kf6 55.f4 Be1 56.Kd5 Kf7
57.Ke5 Bf2 58.Ne4 Bg1 59.Kf5 Bh2 60.Nd6+ Ke7 61.Nc4 Kf7 62.Ne5+ Kf8 63.Ke6 Ke8
64.Ng6 Bg1 65.Ne7 Bf2 66.Nd5 Bg3 67.f5 Bh4 68.f6 gxf6 69.Nf4 Bg5 70.Ng6 Bd2
71.Kxf6 Bc3+ 72.Ke6 Bd2 73.Ne5 Kf8 74.Nf3 Bc3 75.Nh4 Bd2 76.Ng6+ Ke8 77.Ne5 Kf8
78.Nc4 Bg5 79.Nd6 Kg7 80.Kd7 Bf4 81.Ne4 Kf7 82.Nf2  1/2-1/2

[Event "Corus B"]
[Site "Wijk aan Zee NED"]
[Date "2005.01.21"]
[Round "6"]
[White "Stellwagen,D"]
[Black "Onischuk,Al"]
[Result "0-1"]
[WhiteElo "2524"]
[BlackElo "2652"]

1.e4 e5 2.Nf3 Nc6 3.Bb5 a6 4.Ba4 Nf6 5.O-O Be7 6.Re1 b5 7.Bb3 O-O 8.a4 b4
9.d3 d6 10.a5 Be6 11.Nbd2 Qc8 12.h3 Rb8 13.Nc4 h6 14.Be3 Rd8 15.Qb1 Nd7 16.Qa2 Rb5
17.c3 d5 18.exd5 Bxd5 19.Nd6 Bxb3 20.Nxc8 Bxa2 21.Nxe7+ Nxe7 22.Rxa2 bxc3
23.bxc3 Nc6 24.d4 exd4 25.Nxd4 Nxd4 26.Bxd4 Nf8 27.Re5 Rxe5 28.Bxe5 Rd1+
29.Kh2 Ne6 30.Ra4 Rd5 31.Bd4 Kf8 32.Be3 Ke7 33.c4 Rd3 34.g4 Kd6 35.Kg2 Kc6
36.Kf3 Nc5 37.Ra2 Rc3 38.Rd2 Ne6 39.c5 Ra3 40.Rb2 Rxa5 41.Rb8 Rb5 42.Re8 a5
43.h4 Nxc5 44.Re7 a4 45.Rxf7 a3 46.Rxg7 a2 47.Bd4 Ne6 48.Rg6 Kd5  0-1

[Event "Corus B"]
[Site "Wijk aan Zee NED"]
[Date "2005.01.22"]
[Round "7"]
[White "Onischuk,Al"]
[Black "Carlsen,M"]
[Result "1/2-1/2"]
[WhiteElo "2652"]
[BlackElo "2553"]

1.d4 Nf6 2.c4 g6 3.Nc3 d5 4.cxd5 Nxd5 5.e4 Nxc3 6.bxc3 Bg7 7.Bc4 c5 8.Ne2 Nc6
9.Be3 O-O 10.O-O Bg4 11.f3 Na5 12.Bxf7+ Rxf7 13.fxg4 Rxf1+ 14.Kxf1 cxd4 15.cxd4 e5
16.Kg1 exd4 17.Bxd4 Rc8 18.Bxg7 Kxg7 19.Nf4 Qxd1+ 20.Rxd1 Kf6 21.g3 Ke7 22.h4 Nc4
23.Nd5+ Ke6 24.g5 Ne5 25.Rf1 Nd7 26.Kg2 Rc4 27.Nf6 Rc2+ 28.Kh3 Nxf6 29.gxf6 Kf7
30.Kg4 h5+ 31.Kg5 Rc5+ 32.Kh6 Re5 33.Rd1 Rxe4 34.Rd7+ Kxf6 35.Rxb7 Re3 36.Rxa7 Rxg3
37.a4 Rg4 38.a5 Rxh4 39.a6 Ra4 40.Ra8 Kf5 41.a7 Kg4 42.Kxg6  1/2-1/2

[Event "Corus B"]
[Site "Wijk aan Zee NED"]
[Date "2005.01.28"]
[Round "11"]
[White "Onischuk,Al"]
[Black "Smeets,J"]
[Result "1/2-1/2"]
[WhiteElo "2652"]
[BlackElo "2475"]

1.d4 d5 2.c4 c6 3.Nc3 Nf6 4.Nf3 e6 5.Bg5 dxc4 6.e4 b5 7.e5 h6 8.Bh4 g5 9.Nxg5 hxg5
10.Bxg5 Nbd7 11.exf6 Bb7 12.g3 c5 13.d5 Nxf6 14.Bg2 Be7 15.O-O Nxd5 16.Bxe7 Kxe7
17.Qe1 Nxc3 18.Bxb7 Rb8 19.bxc3 Rxb7 20.Qe5 f6 21.Qxc5+ Qd6 22.Qe3 Qd3 23.Qc1 Qf3
24.a4 Kf7 25.Qd1 Qxc3 26.axb5 Qe5 27.Qc2 Qh5 28.h4 Qg4 29.Kg2 Rxh4 30.Rh1 Rxh1
31.Rxh1 Kg8 32.Rh6 Qf5 33.Qxc4 Rh7 34.Rh4 Rxh4 35.gxh4 Kh7 36.f3 Qe5 37.Kh3 Kh6
38.Qc8 Qf5+ 39.Kg2 Qxb5 40.Qh8+ Kg6 41.Qg8+ Kh6 42.Qh8+ Kg6 43.Qg8+ Kh6 44.Qh8+  1/2-1/2

[Event "Corus B"]
[Site "Wijk aan Zee NED"]
[Date "2005.01.29"]
[Round "12"]
[White "Nijboer,F"]
[Black "Onischuk,Al"]
[Result "0-1"]
[WhiteElo "2549"]
[BlackElo "2652"]

1.e4 e5 2.Nf3 Nc6 3.Bb5 a6 4.Ba4 Nf6 5.O-O Be7 6.Re1 b5 7.Bb3 O-O 8.c3 d5
9.d4 exd4 10.e5 Ne4 11.cxd4 Bb4 12.Re3 Na5 13.Bc2 f5 14.Re2 Be6 15.Nbd2 Be7
16.Nf1 Nc4 17.a4 Nb6 18.a5 Nd7 19.Ne1 c5 20.Nd3 g5 21.dxc5 Ndxc5 22.Nxc5 Bxc5
23.Bb3 Kh8 24.Be3 d4 25.Bxe6 dxe3 26.fxe3 Qxd1 27.Rxd1 Rae8 28.Bb3 Rxe5 29.Rd5 Rfe8
30.Rxe5 Rxe5 31.Bc2 f4 32.Bxe4 Rxe4 33.Kf2 fxe3+ 34.Ke1 Re6 35.g4 Kg7 36.Kd1 Kf6
37.h3 Ke7 38.Ng3 Kd6 39.Rc2 Kd5 40.Ke2 Bb4 41.Rc7 Bd6  0-1

[Event "Corus B"]
[Site "Wijk aan Zee NED"]
[Date "2005.01.30"]
[Round "13"]
[White "Onischuk,Al"]
[Black "Ramirez,Al"]
[Result "1-0"]
[WhiteElo "2652"]
[BlackElo "2507"]

1.d4 Nf6 2.Nf3 c5 3.d5 b5 4.Bg5 d6 5.Bxf6 exf6 6.e4 a6 7.a4 b4 8.Bd3 g6 9.Nbd2 Bg7
10.Nc4 O-O 11.O-O Bb7 12.Qd2 f5 13.exf5 Bxd5 14.Be2 Bxc4 15.Bxc4 Nc6 16.Rad1 Ne5
17.Nxe5 Bxe5 18.fxg6 hxg6 19.f4 Bd4+ 20.Kh1 Kg7 21.c3 bxc3 22.bxc3 Bf6 23.g4 Qa5
24.Rf3 Qxa4 25.Bd5 Rab8 26.Rdf1 Bd8 27.f5 Qxg4 28.f6+ Bxf6 29.Rxf6 Rb1 30.Rxf7+ Rxf7
31.Rxb1 Re7 32.c4 Qf5 33.Rg1 Re5 34.Qg2 Qd3 35.Qf1 Qxf1 36.Rxf1 Re7 37.Ra1 Ra7
38.Ra5 Kf6 39.Kg2 Kg5 40.Kg3 Kf5 41.h4 g5 42.h5 g4 43.Kh4 Kf4 44.Ra1  1-0

[Event "6th Karpov"]
[Site "Poikovsky RUS"]
[Date "2005.03.03"]
[Round "5"]
[White "Onischuk,Al"]
[Black "Grischuk,A"]
[Result "1/2-1/2"]
[WhiteElo "2652"]
[BlackElo "2710"]

1.d4 Nf6 2.c4 g6 3.Nc3 d5 4.cxd5 Nxd5 5.e4 Nxc3 6.bxc3 Bg7 7.Bc4 c5 8.Ne2 Nc6
9.Be3 O-O 10.O-O Bg4 11.f3 Na5 12.Bxf7+ Rxf7 13.fxg4 Rxf1+ 14.Kxf1 Qd6 15.e5 Qd5
16.g5 Qe4 17.Bf2 Rf8 18.Ng1 Nc4 19.Nf3 Ne3+ 20.Bxe3 Qxe3 21.Qb3+ Kh8 22.Re1 Qxg5
23.Qxb7 Qd2 24.Qxe7 Qxc3 25.Qb7 Qc4+ 26.Kg1 Qc3 27.Qe4 cxd4 28.Rd1 Re8 29.Qxd4 Qxd4+
30.Rxd4 Bxe5 31.Nxe5 Rxe5 32.Rd8+ Kg7 33.Rd7+ Kf6 34.Rxa7 Re2 35.Ra4 g5 36.h3 Rc2
37.Kh2 h5 38.Ra6+ Kg7 39.Ra3 h4 40.Kg1 Kh7 41.Ra6 Rc1+ 42.Kf2 Rc2+ 43.Kf3 Rc3+
44.Kg4 Rg3+ 45.Kh5 Rxg2 46.a4 Rg3 47.Rh6+ Kg7 48.Rg6+  1/2-1/2